| 000 | 00450nam a2200181Ia 4500 | ||
|---|---|---|---|
| 005 | 20230914091419.0 | ||
| 008 | 131103s9999 xx 000 0 und d | ||
| 040 | _aLoreto College | ||
| 041 | _aEnglish | ||
| 082 |
_a242 _bBOR |
||
| 100 | _aBoros, Ladislaus. S.J | ||
| 245 |
_aWe Are Future _cLadislaus Boros, S.J |
||
| 260 |
_aNew York _bImage Books _c1970 |
||
| 300 | _a158p | ||
| 650 | _aChristian religion | ||
| 850 | _aLCLIIB | ||
| 942 | _cBK | ||
| 999 |
_c24533 _d75012 |
||